00241nam a2200109Ia 4500008004100000100001200041245002700053260002000080300000900100942000700109999001500116190216s9999||||xx |||||||||||||| ||und|| aSakar.N 0aManagement Accountancy bMacmillanc1973 a258p cBK c4113d4113